00559cam a22002291 4500001001300000003000400013005001700017008004100034010001700075025001900092035002000111040002100131042001200152050001800164100003000182245002800212260001100240300001900251500001500270650002700285999001700312sa 65003276 DLC20260227112122.0940927s1963 ii 000 0 telo  asa 65003276  aPL480:I-Te-594 a(OCoLC)31187228 aDLCcCUdCUdDLC apremarc00aPL4780.8b.M61 aMōhan, K. R. K.,d1933-10aMaṇi mañjīrālu. c[1963] a164 p.c19 cm. aIn Telugu. 0aShort stories, Telugu. c63054d63054